000 01061nam a22002657a 4500
001 BD-DhSAU 7469
003 BD-DhSAU
005 20231004152722.0
008 150422b2006 bg ||||| m||m 00| 0 eng d
040 _aBD-DhSAU
082 _222
_a310
_bJ31
100 _aUDDIN, JOSIM
_eRegistration No. # 19-10186
245 _aMango production in chapainawabganj district: a case study of shibganj upazila /
_bMS thesis
260 _aSher-e- Bangla Agricultural University:
_bDepartment of Agricultural Statistics,
_c2021.
300 _avi, 48p.:
_b30 cm.
500 _aMS thesis of Department of Agricultural Statistics , Faculty of Agri Business, Sher-e-Bangla Agricultural University, Dhaka, Bangladesh
590 _aNamul
650 _amango production
651 _achapainawabganj district
654 _ashibganj upazila
700 _aProf. Zulfikar Ahmed Reza
_eSuperviser
700 _aProf. Md. Abdul Latif
_eCo-Superviser
856 _uhttp://archive.saulibrary.edu.bd:8080/xmlui/handle/123456789/4962
942 _2ddc
_cTHESIS
999 _c17098
_d17097